00478nam a2200145Ia 4500008004100000100002100041245011300062245002100175260005900196260000900255300000900264650001800273650001500291856002600306170221s9999 xx 000 0 und d aBojan Blazhevski 4aThe Degree of Dependence on International Reporting in Macedonian Internet Media from Global News Agencies  cBojan Blazhevski bOnline Journal of Communication and Media Technologies c2016 a15 : xCommunication xMedia Arts uhttp://www.ojcmt.net/